| 000 | 01157nam a22002057a 4500 | ||
|---|---|---|---|
| 999 |
_c62341 _d62341 |
||
| 003 | Ge_BSU | ||
| 005 | 20241008110808.0 | ||
| 008 | 241008s1987 ge ||||| |||| 00| 0 geo d | ||
| 041 | _ageo | ||
| 080 | _a39(=353.1) ც-87 | ||
| 100 |
_aცოცანიძე, გიორგი _94453 |
||
| 245 |
_aგიორგობიდან გიორგობამდე : _b(ეთნოგრაფიული ექსკურსიები თუშეთის ახლო წარსულში) / _cგიორგი ცოცანიძე; რედაქტორი მ. დანელია; მხატვარი თ. მირზაშვილი. |
||
| 264 |
_aთბილისი : _bსაბჭოთა საქართველო, _c1987. |
||
| 300 |
_a240 გვ. ; _b20 სმ. |
||
| 653 | _aქართველების ეთნოგრაფია. თუშები | ||
| 700 |
_aდანელია, მ. _eრედაქტორი _923337 |
||
| 700 |
_aმირზაშვილი, თ. _eმხატვარი _923338 |
||
| 773 | _tნაჩუქარი | ||
| 942 |
_2udc _cᲬᲘᲒᲜᲘ |
||